Ars solfandi: moderna aportación metodológica a la enseñanza del solfeo, curso segundo

Salvato in:
Dettagli Bibliografici
Autori principali: Seguì Pérez, Salvador (Autore), Carbonell Gras, Juan Miguel (Autore), Montesinos Comas, Eduardo (Autore)
Natura: Libro
Lingua:spagnolo
Pubblicazione: Valencia Piles, Editorial de música 1988
Edizione:3a. ed
Soggetti:
Tags: Aggiungi Tag
Nessun Tag, puoi essere il primo ad aggiungerne!!

MARC

LEADER 00000nam a2200000 a 4500
001 UCN3832
003 CL-VaPUC
008 010706e19880000SP |||||||||||||||||spa|d
082 0 4 |a 780.77  |b SEG  |2 21 
100 0 |a Seguì Pérez, Salvador  |e author  |9 460398 
700 0 |a Carbonell Gras, Juan Miguel  |e author  |9 460399 
700 0 |a Montesinos Comas, Eduardo  |e author  |9 460400 
245 1 0 |a Ars solfandi: moderna aportación metodológica a la enseñanza del solfeo, curso segundo 
250 |a 3a. ed 
300 |a 111 p 
942 |c BK 
945 |d 20010706 00:00:00  |a crobeson 
260 |a Valencia  |b Piles, Editorial de música  |c 1988 
650 0 |a Solfeo  |9 460401 
650 0 |a Educación musical   |9 310072 
650 0 |a Música  |9 306269 
650 0 |a Estudio e instrucción  |9 306288 
650 0 |a Métodos de enseñanza  |9 270413 
583 |a last modification  |c 20010706 00:00:00  |k Rodrigo Vera 
999 |c 296504  |d 296502 
952 |0 0  |1 0  |4 0  |6 780_770000000000000_SEG_1988  |7 0  |8 A  |9 350307  |a BIBEDU  |b BIBEDU  |d 2019-11-20  |i 3047148  |o 780.77 SEG 1988  |p 3047148  |r 2023-01-12  |w 2019-11-20  |y BK  |k MUS